Antony and Cleopatra / (Record no. 305)
[ view plain ]
| 000 -LEADER | |
|---|---|
| fixed length control field | 00935nac a22002771u 4500 |
| 003 - CONTROL NUMBER IDENTIFIER | |
| control field | EG-ScBUE |
| 005 - DATE AND TIME OF LATEST TRANSACTION | |
| control field | 20191211115448.0 |
| 008 - FIXED-LENGTH DATA ELEMENTS--GENERAL INFORMATION | |
| fixed length control field | 080803s1993 le f 000 d eng d |
| 040 ## - CATALOGING SOURCE | |
| Original cataloging agency | EG-ScBUE |
| Language of cataloging | eng |
| Description conventions | rda |
| Transcribing agency | EG-ScBUE |
| Modifying agency | EG-ScBUE |
| 043 ## - GEOGRAPHIC AREA CODE | |
| Geographic area code | e-it--- |
| 082 04 - DEWEY DECIMAL CLASSIFICATION NUMBER | |
| Classification number | 822.33 |
| Item number | SHA |
| Edition number | 22 |
| 100 1# - MAIN ENTRY--PERSONAL NAME | |
| Personal name | Shakespeare, William, |
| Dates associated with a name | 1564-1616, |
| Relator term | author. |
| 9 (RLIN) | 33320 |
| 245 10 - TITLE STATEMENT | |
| Title | Antony and Cleopatra / |
| Statement of responsibility, etc | William Shakespeare. |
| 264 #1 - PUBLICATION, DISTRIBUTION, ETC. (IMPRINT) | |
| Place of publication, distribution, etc | Beirut : |
| Name of publisher, distributor, etc | York Press, |
| Date of publication, distribution, etc | 1993. |
| 300 ## - PHYSICAL DESCRIPTION | |
| Extent | xxxi, 257 pages ; |
| Dimensions | 24 cm. |
| 336 ## - CONTENT TYPE | |
| Source | rdacontent |
| Content type term | text |
| Content type code | txt |
| 337 ## - MEDIA TYPE | |
| Source | rdamedia |
| Media type term | unmediated |
| Media type code | n |
| 338 ## - CARRIER TYPE | |
| Source | rdacarrier |
| Carrier type term | volume |
| Carrier type code | nc |
| 490 0# - SERIES STATEMENT | |
| Series statement | York classics |
| 600 07 - SUBJECT ADDED ENTRY--PERSONAL NAME | |
| Personal name | Antonius, Marcus, |
| Dates associated with a name | 83 B.C.?-30 B.C. |
| Form subdivision | Drama. |
| Source of heading or term | BUEsh |
| 600 07 - SUBJECT ADDED ENTRY--PERSONAL NAME | |
| Personal name | Cleopatra, |
| Titles and other words associated with a name | Queen of Egypt, |
| Dates associated with a name | -30 B.C. |
| Form subdivision | Drama. |
| Source of heading or term | BUEsh |
| 651 #7 - SUBJECT ADDED ENTRY--GEOGRAPHIC NAME | |
| Geographic name | Rome |
| General subdivision | History |
| Chronological subdivision | Civil War, 43-31 B.C. |
| Form subdivision | Drama. |
| Source of heading or term | BUEsh |
| 653 ## - INDEX TERM--UNCONTROLLED | |
| Resource For college | Humanities: English |
| Arrived date list | December2019 |
| 655 ## - INDEX TERM--GENRE/FORM | |
| Form subdivision | Reading book |
| 942 ## - ADDED ENTRY ELEMENTS (KOHA) | |
| Koha item type | Book - Borrowing |
| Call number prefix | 823SHA |
| Source of classification or shelving scheme | Dewey Decimal Classification |
| Withdrawn status | Lost status | Source of classification or shelving scheme | Damaged status | Not for loan | Collection code | Home library | Current library | Shelving location | Date acquired | Source of acquisition | Total Checkouts | Total Renewals | Full call number | Barcode | Date last seen | Date checked out | Cost, replacement price | Price effective from | Koha item type | Materials specified (bound volume or other part) |
|---|---|---|---|---|---|---|---|---|---|---|---|---|---|---|---|---|---|---|---|---|
| Dewey Decimal Classification | Central Library | Central Library | Second Floor | 22/02/2006 | 2 | 8 | 822.33 SHA | 000004358 | 15/07/2025 | 06/04/2021 | 30.00 | 22/02/2006 | Book - Borrowing | |||||||
| Lost | Dewey Decimal Classification | Central Library | Central Library | Second Floor | 03/08/2008 | 1 | 822.33 SHA | 000013462 | 11/11/2014 | 04/11/2014 | 2008.00 | 03/08/2008 | Book - Borrowing | Lost In Inventory_2015-8-23 |